| 000 | 01189cam a2200349 i 4500 | ||
|---|---|---|---|
| 001 | 196382 | ||
| 003 | ES-MaACL | ||
| 005 | 20241010123740.0 | ||
| 007 | ta | ||
| 008 | 240920s2012 fr af b 000 0bfre d | ||
| 020 | _a9782213668451 | ||
| 035 | _aRebiun23715142 | ||
| 040 |
_aESEHU _bspa _cESEHU _dOCLCQ _dES-MaACL |
||
| 080 | _a1DIDEROT | ||
| 080 | _a929DIDEROT | ||
| 100 | 0 |
_aAttali, Jacques _923768 |
|
| 245 | 1 | 0 |
_aDiderot ou Le bonheur de penser : _bbiographie / _cJacques Attali |
| 246 | 3 | 0 | _aBonheur de penser |
| 260 |
_aParis : _bFayard, _c2012 |
||
| 300 |
_a512 p. ; _c24 cm. |
||
| 336 |
_aTexto _btxt _2rdacontent |
||
| 337 |
_asin mediación _bn _2rdamedia/spa |
||
| 338 |
_2rdacarrier _avolumen |
||
| 504 | _aBibliogr.: pp. 471-496 | ||
| 600 | 0 | 4 |
_aDiderot, Denis- _d1713-1784 _944512 _xCrítica e interpretación |
| 852 |
_aES-MaACL _cDEPO1 _hDonación: José Manuel Duarte Cendán _9204080 _jA-15421 |
||
| 903 |
_9238529 _aDuarte Cendán, José Manuel _q1 _ednr |
||
| 942 |
_n0 _cMONOGRAFIA |
||
| 999 |
_c196382 _d196382 |
||